[Event "ARG-ch sf 98th"]
[Site "Buenos Aires"]
[Date "2023.05.05"]
[Round "7"]
[White "Ganza Svidler, Pedro"]
[Black "Strok, Boris"]
[Result "0-1"]
[WhiteElo "1686"]
[BlackElo "1907"]
[PlyCount "70"]
[EventDate "2023.04.29"]
[EventType "swiss"]
[EventRounds "9"]
[EventCountry "ARG"]
[SourceTitle "CBM 214 Extra"]
[Source "ChessBase"]
[SourceDate "2023.07.31"]
[SourceVersion "1"]
[SourceVersionDate "2023.07.31"]
[SourceQuality "1"]

1. e4 e5 2. Nf3 Nc6 3. Bb5 a6 4. Ba4 Nf6 5. d4 b5 6. Bb3 Nxd4 7. Nxd4 exd4 8. e5 Bb7 9. exf6 Qxf6 10. 0-0 c5 11. Re1+ Be7 12. a4 c4 13. Ba2 0-0 14. Qg4 Bc6 15. Na3 Rae8 16. Bf4 Bb4 17. Rxe8 Rxe8 18. Nxc4 bxc4 19. Bxc4 Re4 20. g3 Qe7 21. f3 Re1+ 22. Rxe1 Qxe1+ 23. Kg2 a5 24. Qf5 Qe8 25. Bd3 g6 26. Qf6 Qe7 27. Qxd4 Bc5 28. Qc4 Be3 29. b3 Kg7 30. Qc3+ f6 31. Qc4 g5 32. Bc7 Ba7 33. Qc3 Qe3 34. Bd8 Qxf3+ 35. Kh3 Qh5# 0-1

[Event "ARG-ch sf 98th"]
[Site "Buenos Aires"]
[Date "2023.05.04"]
[Round "6"]
[White "Strok, Boris"]
[Black "Rodriguez Nava, Adrian Alberto"]
[Result "1-0"]
[WhiteElo "1907"]
[BlackElo "1700"]
[PlyCount "73"]
[EventDate "2023.04.29"]
[EventType "swiss"]
[EventRounds "9"]
[EventCountry "ARG"]
[SourceTitle "CBM 214 Extra"]
[Source "ChessBase"]
[SourceDate "2023.07.31"]
[SourceVersion "1"]
[SourceVersionDate "2023.07.31"]
[SourceQuality "1"]

1. e4 c6 2. d4 d5 3. Nd2 dxe4 4. Nxe4 Nf6 5. Ng3 g6 6. c3 Bg7 7. Bc4 0-0 8. Nf3 Bg4 9. Qb3 b5 10. Be2 Nbd7 11. h3 Be6 12. Qc2 Rc8 13. 0-0 a6 14. a4 Nb6 15. axb5 axb5 16. Ng5 Bd7 17. h4 c5 18. dxc5 Rxc5 19. Be3 Rc8 20. Rfd1 Nc4 21. Bf4 e5 22. Bc1 Qe7 23. b3 Nb6 24. Ra7 Qe8 25. Ba3 Nbd5 26. c4 b4 27. Bb2 Nf4 28. Bf3 Bc6 29. N5e4 Nxe4 30. Nxe4 Qe6 31. g3 Nh5 32. Ng5 Qf6 33. Bxh5 h6 34. Nxf7 gxh5 35. Nxe5 Be4 36. Rxg7+ Kxg7 37. Nd3 1-0

[Event "Villa Ballester op 69th"]
[Site "Villa Ballester"]
[Date "2019.01.16"]
[Round "1"]
[White "Strok, Boris"]
[Black "Paveto, Kevin"]
[Result "0-1"]
[WhiteElo "1910"]
[BlackElo "2454"]
[PlyCount "110"]
[EventDate "2019.01.16"]
[EventType "swiss"]
[EventRounds "9"]
[EventCountry "ARG"]
[SourceTitle "CBM 188 Extra"]
[Source "ChessBase"]
[SourceDate "2019.02.26"]
[SourceVersion "1"]
[SourceVersionDate "2019.02.26"]
[SourceQuality "1"]

1. e4 e5 2. Nf3 Nc6 3. Bb5 a6 4. Ba4 Nf6 5. 0-0 Nxe4 6. d4 b5 7. Bb3 d5 8. dxe5 Be6 9. c3 Bc5 10. Nbd2 Nxf2 11. Rxf2 Bxf2+ 12. Kxf2 f6 13. Nd4 Nxd4 14. cxd4 0-0 15. Kg1 fxe5 16. dxe5 c5 17. Nf3 c4 18. Bc2 Bg4 19. Be3 Rc8 20. Qd4 Bxf3 21. gxf3 Rxf3 22. Kg2 Rf8 23. Qg4 Qe7 24. Bd4 Rc6 25. Kh1 Rh6 26. Rg1 g6 27. Be3 Rh4 28. Bg5 Rxg4 29. Bxe7 Rxg1+ 30. Kxg1 Rf3 31. Bc5 Kf7 32. Kg2 Rf4 33. Be3 Rg4+ 34. Kf3 Rh4 35. Kg3 Rh5 36. Bd4 Rg5+ 37. Kf3 h5 38. h3 h4 39. Bf2 Rxe5 40. Bxh4 d4 41. Be4 c3 42. bxc3 dxc3 43. Bf2 b4 44. Bd4 Rh5 45. Kg4 a5 46. Bc2 Rb5 47. Bd3 Rb8 48. Kg5 a4 49. Bc4+ Ke7 50. Kxg6 c2 51. Be3 b3 52. axb3 axb3 53. Bd3 Rg8+ 54. Kf5 Rg3 55. Bc5+ Kd8 0-1

[Event "Villa Martelli ProAm op 24th"]
[Site "Villa Martelli"]
[Date "2017.10.02"]
[Round "3"]
[White "Molina, Pablo Sebastian"]
[Black "Strok, Boris"]
[Result "1-0"]
[WhiteElo "2274"]
[BlackElo "1978"]
[PlyCount "41"]
[EventDate "2017.10.01"]
[EventType "swiss"]
[EventRounds "9"]
[EventCountry "ARG"]
[SourceTitle "CBM 181 Extra"]
[Source "ChessBase"]
[SourceDate "2017.12.12"]
[SourceVersion "1"]
[SourceVersionDate "2017.12.12"]
[SourceQuality "1"]

1. d4 Nf6 2. c4 g6 3. Nc3 Bg7 4. e4 d6 5. f4 0-0 6. Bd3 c5 7. d5 e6 8. dxe6 fxe6 9. Nf3 Nc6 10. 0-0 Nb4 11. Be2 b5 12. cxb5 d5 13. e5 Nd7 14. a3 d4 15. axb4 dxc3 16. bxc3 cxb4 17. cxb4 Qb6+ 18. Qd4 Rd8 19. Ra6 Qb7 20. Rd6 Qc7 21. Ng5 1-0

[Event "ARG-chT"]
[Site "Villa Martelli"]
[Date "2017.09.23"]
[Round "8.2"]
[White "Nieva, Jose Luis"]
[Black "Strok, Boris"]
[Result "1-0"]
[WhiteElo "1962"]
[BlackElo "1978"]
[PlyCount "87"]
[EventDate "2017.08.05"]
[EventType "team-swiss"]
[EventRounds "9"]
[EventCountry "ARG"]
[SourceTitle "EXT 2018"]
[Source "ChessBase"]
[SourceDate "2017.10.13"]
[SourceVersion "1"]
[SourceVersionDate "2017.10.13"]
[SourceQuality "1"]
[WhiteTeam "San Isidro"]
[BlackTeam "Mar del Plata"]
[WhiteTeamCountry "ARG"]
[BlackTeamCountry "ARG"]

1. d4 Nf6 2. c4 g6 3. Nc3 Bg7 4. e4 d6 5. Be2 a5 6. Bg5 Nbd7 7. Qd2 c5 8. d5 h6 9. Be3 a4 10. a3 Ne5 11. f3 b6 12. Qc2 Bd7 13. h3 g5 14. h4 gxh4 15. Rxh4 Qc8 16. Rh1 h5 17. Nh3 Qa6 18. Nb5 Bxb5 19. cxb5 Qc8 20. Nf2 Ng6 21. Nd1 e6 22. dxe6 Qxe6 23. Bc4 d5 24. exd5 Qd6 25. Nc3 Ne5 26. Be2 Nxd5 27. 0-0-0 Nxe3 28. Rxd6 Nxc2 29. Kxc2 Nd7 30. f4 h4 31. Bg4 Ra7 32. Rhd1 Bd4 33. Re1+ Kd8 34. Nxa4 Re8 35. Rxe8+ Kxe8 36. Bxd7+ Rxd7 37. Rxd7 Kxd7 38. Nxb6+ Kc7 39. Nc4 f6 40. Kd3 Bg1 41. Ke4 Bd4 42. b3 Ba1 43. Kd5 Bd4 44. b4 1-0

[Event "Buenos Aires Rubinstein Memorial 26th"]
[Site "Buenos Aires"]
[Date "2016.08.12"]
[Round "8"]
[White "Strok, Boris"]
[Black "Juarez, Carlos Eleodoro"]
[Result "1-0"]
[WhiteElo "1982"]
[BlackElo "2071"]
[PlyCount "65"]
[EventDate "2016.08.06"]
[EventType "swiss"]
[EventRounds "8"]
[EventCountry "ARG"]
[SourceTitle "CBM 174 Extra"]
[Source "ChessBase"]
[SourceDate "2016.10.10"]
[SourceVersion "1"]
[SourceVersionDate "2016.10.10"]
[SourceQuality "1"]

1. e4 c5 2. Nf3 e6 3. d4 cxd4 4. Nxd4 a6 5. Bd3 Qc7 6. 0-0 Nf6 7. c4 d6 8. Nc3 Nbd7 9. f4 b6 10. Re1 h5 11. Nd5 Qc5 12. Be3 exd5 13. Ne6 Qc6 14. exd5 Qb7 15. Nc7+ Kd8 16. Nxa8 Qxa8 17. Qe2 Qb7 18. Bd4 Kc7 19. Rac1 Kb8 20. a4 Nc5 21. Bc2 Bg4 22. Qe3 a5 23. b4 axb4 24. Rb1 b3 25. Bxb3 Bf5 26. Rbd1 Nfe4 27. Bc2 Bg6 28. f5 Bxf5 29. Bxc5 Nxc5 30. Bxf5 g6 31. Bc2 Bg7 32. Qe7 Be5 33. Rxe5 1-0

[Event "Buenos Aires Rubinstein Memorial 26th"]
[Site "Buenos Aires"]
[Date "2016.08.10"]
[Round "6"]
[White "Strok, Boris"]
[Black "Mirada, Luciano"]
[Result "1/2-1/2"]
[WhiteElo "1982"]
[BlackElo "1833"]
[PlyCount "91"]
[EventDate "2016.08.06"]
[EventType "swiss"]
[EventRounds "8"]
[EventCountry "ARG"]
[SourceTitle "CBM 174 Extra"]
[Source "ChessBase"]
[SourceDate "2016.10.10"]
[SourceVersion "1"]
[SourceVersionDate "2016.10.10"]
[SourceQuality "1"]

1. e4 c5 2. Nf3 Nc6 3. Nc3 d6 4. d4 cxd4 5. Nxd4 Nf6 6. Be2 e5 7. Nxc6 bxc6 8. 0-0 Be7 9. Kh1 Be6 10. f4 exf4 11. Bxf4 0-0 12. Bf3 d5 13. e5 Nd7 14. Bg4 Nc5 15. b4 Bxg4 16. Qxg4 Ne6 17. Bd2 Bg5 18. Be1 Qb8 19. Bg3 Bd2 20. Be1 Bxc3 21. Bxc3 d4 22. Bd2 Qxe5 23. Rae1 Qb5 24. Rf5 Qc4 25. Qe4 Rae8 26. h4 g6 27. Ra5 Ng7 28. Qd3 Rxe1+ 29. Bxe1 Qxd3 30. cxd3 Re8 31. Bf2 Nf5 32. Rxa7 Re2 33. Kg1 Rb2 34. g4 Ne3 35. Bxe3 dxe3 36. Re7 Rxb4 37. Re4 Rb1+ 38. Kg2 Rb2+ 39. Kf3 Rxa2 40. Kxe3 Rc2 41. Rc4 Rxc4 42. dxc4 Kf8 43. Kd4 Ke7 44. Kc5 Kd7 45. g5 Kc7 46. Kd4 1/2-1/2

[Event "Buenos Aires Rubinstein Memorial 26th"]
[Site "Buenos Aires"]
[Date "2016.08.08"]
[Round "4"]
[White "Strok, Boris"]
[Black "Bosco, Giuliana"]
[Result "1-0"]
[WhiteElo "1982"]
[BlackElo "1526"]
[PlyCount "107"]
[EventDate "2016.08.06"]
[EventType "swiss"]
[EventRounds "8"]
[EventCountry "ARG"]
[SourceTitle "CBM 174 Extra"]
[Source "ChessBase"]
[SourceDate "2016.10.10"]
[SourceVersion "1"]
[SourceVersionDate "2016.10.10"]
[SourceQuality "1"]

1. e4 e6 2. d4 d5 3. Nd2 Nf6 4. e5 Nfd7 5. Bd3 c5 6. c3 Qb6 7. Ngf3 Nc6 8. 0-0 h6 9. Rb1 c4 10. Be2 Be7 11. b3 cxb3 12. Rxb3 Qc7 13. Ba3 Na5 14. Bxe7 Nxb3 15. Bd6 Qxc3 16. Qxb3 Qxb3 17. axb3 a6 18. Rc1 b5 19. Rc7 g5 20. h3 Rh7 21. g4 Nb6 22. Nf1 Bd7 23. Ng3 Kd8 24. Nh5 Rc8 25. Nf6 Rh8 26. Rb7 Rc6 27. Bc5 Kc8 28. Rxb6 Rxb6 29. Bxb6 Bc6 30. Nd2 Kb7 31. Ba5 Rc8 32. b4 Ka7 33. Nb3 Bb7 34. Nc5 Bc6 35. Kg2 Ba8 36. Kg3 Bc6 37. f4 Rh8 38. Bd3 Ba8 39. h4 gxf4+ 40. Kxf4 Bc6 41. Bh7 Ba8 42. Bg8 Bb7 43. Bxf7 Bc8 44. Bxe6 Bxe6 45. Nxe6 Kb7 46. Nxd5 Kc6 47. Nf6 Kb7 48. d5 Kc8 49. d6 Kb7 50. d7 Kb8 51. Ne8 h5 52. d8Q+ Ka7 53. Qb6+ Ka8 54. N6c7# 1-0

[Event "ARG-chT"]
[Site "Villa Martelli"]
[Date "2015.10.10"]
[Round "7.7"]
[White "Strok, Boris"]
[Black "Cristal, Ariel"]
[Result "1-0"]
[WhiteElo "1972"]
[BlackElo "1794"]
[PlyCount "55"]
[EventDate "2015.08.29"]
[EventType "team-swiss"]
[EventRounds "9"]
[EventCountry "ARG"]
[SourceTitle "EXT 2017"]
[Source "ChessBase"]
[SourceDate "2016.10.25"]
[SourceVersion "1"]
[SourceVersionDate "2016.10.25"]
[SourceQuality "1"]
[WhiteTeam "San Isidro"]
[BlackTeam "La Torre del Castillo"]
[WhiteTeamCountry "ARG"]
[BlackTeamCountry "ARG"]

1. e4 e5 2. Nf3 Nc6 3. Bb5 a6 4. Ba4 Nf6 5. 0-0 Be7 6. Re1 b5 7. Bb3 0-0 8. d4 exd4 9. e5 Ne8 10. Bd5 Bb7 11. Nxd4 Nxd4 12. Bxb7 Ra7 13. Be4 Ne6 14. Be3 c5 15. Nc3 f5 16. exf6 Nxf6 17. Bf3 Rc7 18. Nd5 Nxd5 19. Bxd5 Kh8 20. Qg4 Rf6 21. Rad1 Rg6 22. Qh5 Nf8 23. Bf4 Ra7 24. Re3 Bd6 25. Bxd6 Rxd6 26. Re8 Qf6 27. Rde1 Rxd5 28. Qxd5 1-0

[Event "ARG-chT"]
[Site "Villa Martelli"]
[Date "2015.09.26"]
[Round "5.5"]
[White "Cabrera Pando, Ramiro"]
[Black "Strok, Boris"]
[Result "0-1"]
[WhiteElo "2025"]
[BlackElo "1972"]
[PlyCount "84"]
[EventDate "2015.08.29"]
[EventType "team-swiss"]
[EventRounds "9"]
[EventCountry "ARG"]
[SourceTitle "EXT 2017"]
[Source "ChessBase"]
[SourceDate "2016.10.25"]
[SourceVersion "1"]
[SourceVersionDate "2016.10.25"]
[SourceQuality "1"]
[WhiteTeam "Moreno"]
[BlackTeam "San Isidro"]
[WhiteTeamCountry "ARG"]
[BlackTeamCountry "ARG"]

1. d4 Nf6 2. c4 g6 3. Nc3 Bg7 4. e4 d6 5. Nf3 0-0 6. Be2 Nc6 7. d5 Nb4 8. c5 dxc5 9. a3 Na6 10. e5 Ng4 11. Bf4 Nh6 12. Qd2 Nf5 13. g4 Nd4 14. Nxd4 cxd4 15. Qxd4 c6 16. Rd1 cxd5 17. Qxd5 Qb6 18. Na4 Qe6 19. Qe4 Bd7 20. Rxd7 Qxd7 21. 0-0 Rac8 22. Rd1 Qc6 23. Qxc6 Rxc6 24. Rd7 Rc7 25. Rd5 e6 26. Rd6 Nb8 27. Bg3 Nc6 28. f4 g5 29. fxg5 Bxe5 30. Bxe5 Nxe5 31. Nc3 Rd7 32. Rxd7 Nxd7 33. Kf2 Rd8 34. Ke3 Kg7 35. h3 a6 36. Ne4 b5 37. Nc3 Nc5 38. b4 Nb7 39. Ne4 Nd6 40. Nc5 Nc4+ 41. Bxc4 bxc4 42. a4 c3 0-1

[Event "ARG-ch sf 90th"]
[Site "Buenos Aires"]
[Date "2015.08.22"]
[Round "3"]
[White "Pernas, Agustin Baltazar"]
[Black "Strok, Boris"]
[Result "1-0"]
[WhiteElo "2167"]
[BlackElo "1989"]
[PlyCount "61"]
[EventDate "2015.08.20"]
[EventType "swiss"]
[EventRounds "9"]
[EventCountry "ARG"]
[SourceTitle "EXT 2016"]
[Source "ChessBase"]
[SourceDate "2015.10.08"]
[SourceVersion "1"]
[SourceVersionDate "2015.10.08"]
[SourceQuality "1"]

1. e4 e5 2. Nf3 Nc6 3. Bb5 a6 4. Bxc6 dxc6 5. 0-0 Bg4 6. h3 h5 7. d3 Qf6 8. Be3 Ne7 9. Nbd2 Bd7 10. Nc4 Ng6 11. d4 Bd6 12. dxe5 Nxe5 13. Nfxe5 Bxe5 14. f4 Bxb2 15. e5 Qg6 16. Nxb2 Bxh3 17. Qf3 Bf5 18. Nd3 h4 19. Kh2 h3 20. g3 Bxd3 21. cxd3 Qxd3 22. Rad1 Qc4 23. f5 Rd8 24. Bg5 Qc2+ 25. Rf2 Qxd1 26. Qa3 Rd7 27. e6 Rd6 28. Qe3 f6 29. Bf4 Ke7 30. Bxd6+ cxd6 31. Qb6 1-0

[Event "Latin Cup-A 6th"]
[Site "Buenos Aires"]
[Date "2015.03.23"]
[Round "7"]
[White "Arias, Juan Carlos"]
[Black "Strok, Boris"]
[Result "1-0"]
[WhiteElo "2130"]
[BlackElo "2000"]
[PlyCount "95"]
[EventDate "2015.03.19"]
[EventType "swiss"]
[EventRounds "9"]
[EventCountry "ARG"]
[SourceTitle "CBM 165 Extra"]
[Source "ChessBase"]
[SourceDate "2015.04.21"]
[SourceVersion "1"]
[SourceVersionDate "2015.04.21"]
[SourceQuality "1"]

1. d4 Nf6 2. Nf3 g6 3. c4 Bg7 4. Nc3 0-0 5. e4 d6 6. Be2 e5 7. dxe5 dxe5 8. Qxd8 Rxd8 9. Bg5 Re8 10. 0-0-0 Nc6 11. h3 a6 12. Rd2 h6 13. Be3 b6 14. Bd3 Bb7 15. Rhd1 Rad8 16. Bc2 Rxd2 17. Rxd2 Nd4 18. Nxd4 exd4 19. Rxd4 c5 20. Rd6 Nxe4 21. Nxe4 Bxe4 22. Bxe4 Rxe4 23. b3 Re6 24. Rxe6 fxe6 25. Kc2 g5 26. Kd3 Kf7 27. Ke4 Kf6 28. b4 Bf8 29. bxc5 bxc5 30. g4 Bd6 31. f3 Ke7 32. Bf2 Kf7 33. h4 Kf6 34. h5 Kf7 35. Be1 Kf6 36. Bc3+ Kf7 37. Be5 Bf8 38. Bh8 Be7 39. Be5 Bf8 40. Kd3 Be7 41. Kc2 Bf8 42. Kb3 Bg7 43. Bd6 Bf8 44. Bxf8 Kxf8 45. Ka4 Ke7 46. Ka5 Kd6 47. Kxa6 Kc6 48. Ka5 1-0

[Event "Latin Cup-A 6th"]
[Site "Buenos Aires"]
[Date "2015.03.22"]
[Round "5"]
[White "Seia, Diego"]
[Black "Strok, Boris"]
[Result "1-0"]
[WhiteElo "2189"]
[BlackElo "2000"]
[PlyCount "79"]
[EventDate "2015.03.19"]
[EventType "swiss"]
[EventRounds "9"]
[EventCountry "ARG"]
[SourceTitle "CBM 165 Extra"]
[Source "ChessBase"]
[SourceDate "2015.04.21"]
[SourceVersion "1"]
[SourceVersionDate "2015.04.21"]
[SourceQuality "1"]

1. d4 Nf6 2. c4 g6 3. Nc3 Bg7 4. e4 d6 5. h3 0-0 6. Nf3 e5 7. d5 c5 8. Bg5 h6 9. Be3 Kh8 10. Be2 Na6 11. 0-0 Ng8 12. Nh2 f5 13. exf5 gxf5 14. f4 e4 15. Kh1 Nc7 16. Rg1 Ne8 17. Qd2 Qh4 18. g3 Qe7 19. Rg2 Ngf6 20. Rag1 Bd7 21. g4 Nh7 22. Nd1 a6 23. b3 b5 24. cxb5 axb5 25. gxf5 b4 26. Bh5 Nhf6 27. Bg6 Rg8 28. Ng4 Nc7 29. Ne5 dxe5 30. d6 Qd8 31. fxe5 Nce8 32. Bf7 Bxf5 33. exf6 Qxf6 34. Bxg8 Bd7 35. Bd5 Rc8 36. Bxh6 Bxh6 37. Rg8+ Kh7 38. Bxe4+ Bf5 39. Bxf5+ Qxf5 40. Rh8+ 1-0

[Event "Latin Cup-A 6th"]
[Site "Buenos Aires"]
[Date "2015.03.21"]
[Round "4"]
[White "Strok, Boris"]
[Black "Ferrero, Luis"]
[Result "1-0"]
[WhiteElo "2000"]
[BlackElo "1635"]
[PlyCount "64"]
[EventDate "2015.03.19"]
[EventType "swiss"]
[EventRounds "9"]
[EventCountry "ARG"]
[SourceTitle "CBM 165 Extra"]
[Source "ChessBase"]
[SourceDate "2015.04.21"]
[SourceVersion "1"]
[SourceVersionDate "2015.04.21"]
[SourceQuality "1"]

1. e4 e6 2. d4 d5 3. Nd2 Nf6 4. e5 Nfd7 5. Bd3 c5 6. c3 Nc6 7. Ngf3 Qb6 8. 0-0 cxd4 9. cxd4 Nxd4 10. Nxd4 Qxd4 11. Nf3 Qb6 12. Qa4 Be7 13. Qg4 g6 14. a3 0-0 15. b4 a5 16. Be3 Qd8 17. h4 f5 18. Qg3 Kh8 19. Ng5 Nb6 20. h5 f4 21. Bxf4 Rxf4 22. Nxh7 g5 23. Rac1 axb4 24. Nf6 Bxf6 25. exf6 Qxf6 26. axb4 Nc4 27. Bxc4 Rxc4 28. Rxc4 dxc4 29. Qc7 Qg7 30. Qd8+ Qg8 31. Qd4+ Kh7 32. Qe4+ Kh6 1-0

[Event "Villa Martelli op"]
[Site "Villa Martelli"]
[Date "2006.??.??"]
[Round "8"]
[White "Cervetto, Esteban"]
[Black "Strok, Boris"]
[Result "1-0"]
[WhiteElo "2165"]
[BlackElo "2055"]
[PlyCount "107"]
[EventDate "2006.07.??"]
[EventType "swiss"]
[EventRounds "9"]
[EventCountry "ARG"]
[SourceTitle "EXT 2008"]
[Source "ChessBase"]
[SourceDate "2007.11.25"]
[SourceVersion "1"]
[SourceVersionDate "2007.11.25"]
[SourceQuality "1"]

1. e4 e5 2. Nf3 Nc6 3. Bb5 a6 4. Ba4 Nf6 5. 0-0 Be7 6. Re1 b5 7. Bb3 0-0 8. c3 d6 9. h3 Na5 10. Bc2 c5 11. d4 Qc7 12. Nbd2 Nc6 13. dxc5 dxc5 14. Nh4 g6 15. Nf1 Rd8 16. Qf3 Ne8 17. Qg3 Bxh4 18. Qxh4 f6 19. f4 exf4 20. Bxf4 Ne5 21. Ne3 Be6 22. Rad1 g5 23. Qg3 Ng7 24. Bxe5 Qxe5 25. Qxe5 fxe5 26. Nd5 Ne8 27. Ne7+ Kg7 28. Nc6 Rxd1 29. Rxd1 Nf6 30. Nxe5 Bxa2 31. Nd7 Nxd7 32. Rxd7+ Bf7 33. Bb3 c4 34. Bd1 Kg8 35. Kf2 Be8 36. Rd6 a5 37. Ke3 a4 38. Kd4 a3 39. bxa3 Kf8 40. Bf3 Rxa3 41. e5 Ra2 42. Be4 h5 43. Kd5 Re2 44. Bf5 Rxg2 45. Ke6 Rf2 46. Rd8 g4 47. hxg4 hxg4 48. Bg6 g3 49. Bxe8 Kg7 50. Rd4 Kf8 51. Bxb5 Rf3 52. Bxc4 g2 53. Rg4 Rxc3 54. Bd5 1-0

[Event "Villa Martelli op"]
[Site "Villa Martelli"]
[Date "2006.??.??"]
[Round "2"]
[White "Sarquis, Maria Belen"]
[Black "Strok, Boris"]
[Result "1-0"]
[WhiteElo "2155"]
[BlackElo "2055"]
[PlyCount "87"]
[EventDate "2006.07.??"]
[EventType "swiss"]
[EventRounds "9"]
[EventCountry "ARG"]
[SourceTitle "EXT 2008"]
[Source "ChessBase"]
[SourceDate "2007.11.25"]
[SourceVersion "1"]
[SourceVersionDate "2007.11.25"]
[SourceQuality "1"]

1. e4 e5 2. Nf3 Nc6 3. Bb5 a6 4. Ba4 Nf6 5. d4 exd4 6. 0-0 Be7 7. Re1 0-0 8. e5 Ne8 9. c3 b5 10. Bc2 dxc3 11. Nxc3 g6 12. Bh6 Ng7 13. Nd5 Re8 14. Qd2 Ne6 15. Rad1 Bb7 16. Bb3 Na7 17. Nxe7+ Qxe7 18. Ng5 Bc6 19. h4 b4 20. Re3 Nb5 21. Ne4 Bxe4 22. Rxe4 Nc5 23. Qxb4 Nxe4 24. Qxe4 Nd6 25. Qf3 Qxe5 26. Rxd6 cxd6 27. Bxf7+ Kh8 28. Bd2 Rac8 29. Bxe8 Qxe8 30. Bc3+ Kg8 31. Qf6 Rxc3 32. Qxc3 Qe6 33. Qc8+ Kg7 34. Qxa6 Qe1+ 35. Qf1 Qb4 36. Qc1 Qxh4 37. Qc3+ Kf7 38. b4 d5 39. b5 Qa4 40. b6 Qd1+ 41. Kh2 d4 42. Qc4+ Ke7 43. b7 Qh5+ 44. Kg1 1-0

[Event "Villa Martelli Pro Am op 11th"]
[Site "Villa Martelli"]
[Date "2004.11.14"]
[Round "9"]
[White "Tenti, Joaquin"]
[Black "Strok, Boris"]
[Result "1-0"]
[WhiteElo "2182"]
[BlackElo "2087"]
[PlyCount "101"]
[EventDate "2004.11.04"]
[EventType "swiss"]
[EventRounds "9"]
[EventCountry "ARG"]
[SourceTitle "CBM 103 Extra"]
[Source "ChessBase"]
[SourceDate "2005.01.01"]
[SourceVersion "1"]
[SourceVersionDate "2005.01.01"]
[SourceQuality "1"]

1. e4 e5 2. Nf3 Nc6 3. Bc4 Nf6 4. d3 Be7 5. 0-0 0-0 6. Re1 d6 7. c3 Na5 8. Bb5 a6 9. Ba4 b5 10. Bc2 c5 11. Nbd2 Qc7 12. Nf1 Re8 13. Bg5 Nd7 14. Bxe7 Rxe7 15. Ne3 Nb6 16. Rc1 Nc6 17. d4 Bd7 18. d5 Nd8 19. Nh4 f6 20. Qf3 Nf7 21. Qg3 Ree8 22. Bd1 Kh8 23. Bg4 Bxg4 24. Qxg4 Nh6 25. Qg3 g6 26. f4 Qg7 27. fxe5 Rxe5 28. Nf3 Rxe4 29. Qxd6 Nd7 30. Nc2 Rae8 31. Qxa6 Rxe1+ 32. Rxe1 Rxe1+ 33. Ncxe1 Qe7 34. Qe6 Ng8 35. Nd3 c4 36. Qxe7 Nxe7 37. Nb4 Nf5 38. Kf2 Nc5 39. Nd2 Na4 40. Ne4 Nxb2 41. d6 Nd1+ 42. Ke1 Nxd6 43. Nxd6 Nxc3 44. Kd2 Na4 45. Nxb5 Kg7 46. Nd6 c3+ 47. Kc2 f5 48. Nb5 Kf6 49. Nxc3 Nb6 50. Ncd5+ Nxd5 51. Nxd5+ 1-0

[Event "Vicente Lopez IRT op"]
[Site "Vicente Lopez"]
[Date "2004.07.11"]
[Round "3"]
[White "Strok, Boris"]
[Black "Batinov, Alex"]
[Result "1-0"]
[WhiteElo "2080"]
[BlackElo "2164"]
[PlyCount "91"]
[EventDate "2004.07.09"]
[EventType "swiss"]
[EventRounds "10"]
[EventCountry "ARG"]
[SourceTitle "EXT 2005"]
[Source "ChessBase"]
[SourceDate "2004.11.15"]
[SourceVersion "1"]
[SourceVersionDate "2004.11.15"]
[SourceQuality "1"]

1. e4 c6 2. d4 d5 3. exd5 cxd5 4. c4 Nf6 5. Nc3 e6 6. Nf3 Be7 7. Be2 0-0 8. Ne5 dxc4 9. 0-0 a6 10. Bf3 Nd5 11. Nxc4 Nxc3 12. bxc3 Qc7 13. Qb3 Nd7 14. g3 Ra7 15. Bf4 Qd8 16. a4 Nf6 17. Nb6 Bd7 18. c4 Be8 19. d5 exd5 20. cxd5 Bc5 21. a5 Bb5 22. Rfd1 Re8 23. Rac1 Bxb6 24. axb6 Ra8 25. Rc7 Nd7 26. d6 Rf8 27. Bxb7 Rb8 28. Be3 Ne5 29. Bd5 Be2 30. Rd2 Bf3 31. Bd4 Qg5 32. Ra2 Nc6 33. Qxf3 Nxd4 34. Bxf7+ Kh8 35. Qd5 Qf6 36. Rxa6 Rbd8 37. b7 Nf3+ 38. Kg2 Ne5 39. Ra8 Ng4 40. Qf3 Qxd6 41. Rxd8 Rxd8 42. Qc6 Qd2 43. Qc5 Qd3 44. Rc8 Qe4+ 45. Kh3 h5 46. Qxh5+ 1-0

[Event "Vicente Lopez IRT op"]
[Site "Vicente Lopez"]
[Date "2003.07.31"]
[Round "7.5"]
[White "Semprevivo, Marcelo"]
[Black "Strok, Boris"]
[Result "0-1"]
[WhiteElo "2130"]
[BlackElo "2080"]
[PlyCount "92"]
[EventDate "2003.07.25"]
[EventType "swiss"]
[EventRounds "10"]
[EventCountry "ARG"]
[SourceTitle "CBM 095 Extra"]
[Source "ChessBase"]
[SourceDate "2003.09.04"]
[SourceVersion "1"]
[SourceVersionDate "2003.09.04"]
[SourceQuality "1"]

1. e4 e5 2. Nf3 Nc6 3. Bb5 a6 4. Ba4 Nf6 5. 0-0 Be7 6. Re1 b5 7. Bb3 d6 8. c3 0-0 9. h3 Na5 10. Bc2 c5 11. d4 Qc7 12. Nbd2 Re8 13. Nf1 Bf8 14. Bg5 Nd7 15. Ne3 f6 16. Nd5 Qd8 17. Bc1 Nc6 18. a4 Rb8 19. axb5 axb5 20. Ne3 Nb6 21. dxc5 dxc5 22. Qe2 c4 23. b3 Be6 24. Rd1 Qc8 25. Nd2 b4 26. Bb2 Nd4 27. cxd4 c3 28. d5 cxb2 29. Ra2 Bc5 30. Rxb2 Bd7 31. Bd3 Qd8 32. Rc2 Rc8 33. Ba6 Rc7 34. Rdc1 Qe7 35. Bb5 Rec8 36. Bxd7 Qxd7 37. Ndc4 Nxc4 38. Nxc4 Qb5 39. Ra1 Bd4 40. Ra5 Qd7 41. Qg4 Qxg4 42. hxg4 Kf8 43. Rca2 Rxc4 44. bxc4 b3 45. Rd2 Bc3 46. Rd1 Bxa5 0-1

[Event "Vicente Lopez IRT op"]
[Site "Vicente Lopez"]
[Date "2003.07.29"]
[Round "5.10"]
[White "Strok, Boris"]
[Black "Maucci, Luis Marcelo"]
[Result "1-0"]
[WhiteElo "2080"]
[BlackElo "2038"]
[PlyCount "103"]
[EventDate "2003.07.25"]
[EventType "swiss"]
[EventRounds "10"]
[EventCountry "ARG"]
[SourceTitle "CBM 095 Extra"]
[Source "ChessBase"]
[SourceDate "2003.09.04"]
[SourceVersion "1"]
[SourceVersionDate "2003.09.04"]
[SourceQuality "1"]

1. e4 Nf6 2. e5 Nd5 3. d4 d6 4. c4 Nb6 5. exd6 exd6 6. Bd3 Nc6 7. Nf3 Be7 8. 0-0 0-0 9. h3 Bf6 10. Be3 Re8 11. Nbd2 Nb4 12. Bb1 d5 13. a3 Nc6 14. g4 dxc4 15. Ne4 Nd5 16. Qc2 g6 17. Qxc4 Be6 18. Qb5 a6 19. Qd3 Bg7 20. Nc5 Bc8 21. Ba2 Nce7 22. Bg5 h6 23. Bd2 b6 24. Ne4 f5 25. Nc3 Kh7 26. Nh4 fxg4 27. Nxd5 Nxd5 28. Nxg6 Kg8 29. Rae1 Be6 30. Rxe6 Rxe6 31. Qf5 Rd6 32. Bxd5+ Rxd5 33. Ne7+ Kh8 34. Nxd5 gxh3 35. Nf4 Qg5+ 36. Qxg5 hxg5 37. Ne6 g4 38. Nxg7 Kxg7 39. Bf4 c6 40. Re1 Rf8 41. Bg3 Kf6 42. Re4 Kg5 43. Re6 Rc8 44. b4 Kf5 45. Re7 Rd8 46. Rc7 Rxd4 47. Rxc6 Rd3 48. Rxb6 Rxa3 49. Rc6 Ra1+ 50. Kh2 Ra2 51. Rc5+ Kg6 52. Ra5 1-0